South Eastern Kenya University

Library Online Public Access Catalogue


Glaciers and glaciation / (Record no. 17223)

MARC details
000 -LEADER
fixed length control field 00667nam a22002417a 4500
003 - CONTROL NUMBER IDENTIFIER
control field OSt
005 - DATE AND TIME OF LATEST TRANSACTION
control field 20190121122435.0
008 - FIXED-LENGTH DATA ELEMENTS--GENERAL INFORMATION
fixed length control field 190121b ||||| |||| 00| 0 eng d
020 ## - INTERNATIONAL STANDARD BOOK NUMBER
International Standard Book Number 9780340905791
040 ## - CATALOGING SOURCE
Original cataloging agency SEKU
050 ## - LIBRARY OF CONGRESS CALL NUMBER
Classification number GB 2403.2
Item number .B46 2010
100 ## - MAIN ENTRY--PERSONAL NAME
Personal name Benn, Douglas I.
245 ## - TITLE STATEMENT
Title Glaciers and glaciation /
Statement of responsibility, etc. Douglas I. Benn and David J.A. Evans.
250 ## - EDITION STATEMENT
Edition statement 2nd ed.
260 ## - PUBLICATION, DISTRIBUTION, ETC. (IMPRINT)
Place of publication, distribution, etc. Oxon :
Name of publisher, distributor, etc. Hodder Education,
Date of publication, distribution, etc. 2010.
300 ## - PHYSICAL DESCRIPTION
Extent 802 p. :
Other physical details ill.
504 ## - BIBLIOGRAPHY, ETC. NOTE
Bibliography, etc Includes bibliographical references and index.
650 ## - SUBJECT ADDED ENTRY--TOPICAL TERM
Topical term or geographic name as entry element Glaciers
650 ## - SUBJECT ADDED ENTRY--TOPICAL TERM
Topical term or geographic name as entry element Glacial landforms
650 ## - SUBJECT ADDED ENTRY--TOPICAL TERM
Topical term or geographic name as entry element Glaciology
700 ## - ADDED ENTRY--PERSONAL NAME
Personal name Evans, David J.A.
942 ## - ADDED ENTRY ELEMENTS (KOHA)
Source of classification or shelving scheme Library of Congress Classification
Koha item type General circulation
Holdings
Withdrawn status Lost status Source of classification or shelving scheme Damaged status Not for loan Home library Current library Shelving location Date acquired Source of acquisition Total Checkouts Full call number Barcode Date last seen Price effective from Koha item type
    Library of Congress Classification     Main Campus Library Main Campus Library General Stacks 21/01/2019 Donation- Book Aid   GB 2403.2 .B46 2010 2018/020118 21/01/2019 21/01/2019 General circulation
Kitui, Kenya.
+254736116989
library@seku.ac.ke